Open Data Biblioteca Nacional de Portugal


República Portuguesa: Ministério da Cultura
Biblioteca Nacional de Portugal

Catálogo da BNP: acesso por Identificadores Unívocos
Registos Bibliográficos associados ao registo de autoridade

Etiqueta de registo: 00254nam 2200025 450
001 2218324
003 http://id.bnportugal.gov.pt/bib/catbnp/2218324
010 ## $a978-972-20-8433-8
021 ## $aPT$b540299/24
100 ## $a20250625d2025 c y0pory01030103ba
101 1# $apor
102 ## $aPT
105 ## $aa z 000fy
106 ## $ar
200 1# $aElio - amigos do outro mundo$fNicholas Aumais$gtrad. Fátima Marques
205 ## $a1ª ed
210 #9 $aLisboa$cDom Quixote,$d2025
215 ## $a[11] p.$cil.$d26 cm$e10 figuras + um tapete com cenários
675 ## $a087.5$vBN$zpor$3287999
675 ## $a821.133.1(71)-93"20"$vBN$zpor$31495136
700 #1 $aAumais,$bNicholas$31958554
702 #1 $93$aMarques,$bFátima$4730$31660403
801 #0 $aPT$bBN$gRPC
856 41 $uhttp://rnod.bnportugal.gov.pt/ImagesBN/winlibimg.aspx?skey=&doc=2218324&img=208951&save=true
900 ## $aBIBNAC$d20250630
966 ## $lBN$mFGMON$sP. 70106 V.$x1
966 ## $lBN$mFGMON$sP. 70106 V.-D$x1
971 ## $casantos$d20250625
972 ## $e0$z0$d20250630$viquintas
973 ## $cigoulao$d20250626

Etiqueta de registo: 00254nam 2200025 450
001 2285649
003 http://id.bnportugal.gov.pt/bib/catbnp/2285649
010 ## $a978-972-20-8767-4
021 ## $aPT$b5560097/25
100 ## $a20260504d2026 c y0pory01030103ba
101 1# $apor
102 ## $aPT
105 ## $aa z 000fy
106 ## $ar
200 1# $aBrinquedos em ação!$fNicholas Aumais$gtrad. Sara Wunderly Gomes
205 ## $a1ª ed
210 #9 $aLisboa$cDom Quixote,$d2026
215 ## $a1 kit de materiais$cil.$d26 cm
700 #1 $aAumais,$bNicholas$31958554
702 #1 $aGomes,$bSara Wunderly$4730$31869243
801 #0 $aPT$bBN$gRPC
966 ## $lBN$mFGMON$x1
966 ## $lBN$mFGMON$x1
971 ## $cisantos$d20260504

Etiqueta de registo: 00254nam 2200025 450
001 2285648
003 http://id.bnportugal.gov.pt/bib/catbnp/2285648
010 ## $a978-972-20-8769-8
021 ## $aPT$b555818/25
100 ## $a20260504d2026 c y0pory01030103ba
101 1# $apor
102 ## $aPT
105 ## $aa z 000fy
106 ## $ar
200 1# $a Os amigos fiéis$fNicholas Aumais$gcoord. Fátima Marques
205 ## $a1ª ed
210 #9 $aLisboa$cDom Quixote,$d2026
215 ## $a1 kit de materiais$cil.$d26 cm
675 ## $a087.5$vBN$zpor$3287999
675 ## $a821.133.1(71)-93"20"$vBN$zpor$31495136
700 #1 $aAumais,$bNicholas$31958554
702 #1 $93$aMarques,$bFátima$4340$31660403
801 #0 $aPT$bBN$gRPC
856 41 $uhttp://rnod.bnportugal.gov.pt/ImagesBN/winlibimg.aspx?skey=&doc=2285648&img=222713&save=true
966 ## $lBN$mFGMON$sP. 72808 V.$x1
966 ## $lBN$mFGMON$sP. 72808 V.-D$x1
971 ## $cisantos$d20260504
973 ## $ctrodrigues$d20260527

OpendataBNP@bnportugal.pt | Mais informação sobre acesso aos dados BNP